| 000 | 01204cam a2200205 4500 | ||
|---|---|---|---|
| 001 | ##ABS66450 | ||
| 008 | 030307n2003 000 0 eng u | ||
| 035 | _a(Sirsi) u121562 | ||
| 041 | 0 | _aeng | |
| 100 | 1 | _aShaw, E. | |
| 245 | 0 | 0 | _aWho'll pay for putting it right? |
| 260 | _c2003 | ||
| 490 | 0 |
_aEstates Gazette _v(0306) 8 February 2003, 137(1) |
|
| 520 | _aDiscusses "Dilapidations: guidance note" (ISBN 184219075X) which has been produced to reflect changes in dilapidations procedure resulting from the application of the new Civil Procedure Rules. Debate has developed from the change of emphasis that the schedule of dilapidations is no longer a negotiating document but insteadreflects the landlord's claim and the actual level of loss he suffers as the result of breaches of covenant. Warns that the guidance note refers to situations where the issue of diminution of value is not clear. However, these valuation cases seldom come to litigation and should not interfere with dilapidations dealings. | ||
| 590 | _aABS | ||
| 650 | 2 | 4 | _aCIVIL PROCEDURE RULES |
| 650 | 2 | 4 | _aDILAPIDATIONS GUIDANCE NOTE |
| 690 | _aPROPERTY-LEASEHOLD PROPERTY-LANDLORD AND TENANT-DILAPIDATIONS | ||
| 942 | _n0 | ||
| 999 |
_c72259 _d72259 |
||